000 01527nam2a2200229 4500
001 rc\2652359
005 20260315043138.0
035 _a(NLR Aleph) 006959806
090 _a13563599
_c13563599
100 _a20110611d1930 u y0rusy50 ca
101 0 _arus
102 _aRU
105 _ay z |||||
200 1 _aПрокатные станки сортовые и проволочные
210 _d1930
461 0 _1001rc\2652346
_12001#$aКраткие руководства по специальным отраслям техники$eСерия учебных пособий для втузов и техникумов, издаваемая по инициативе и при участии Главного управления высшими техническими учебными заведениями при ВСНХ ССР (Главтуз). № 1-$v[Вып.] № 15
_95331885
_cМосква
_d1929
_nГос. изд-во
_oСерия учебных пособий для втузов и техникумов, издаваемая по инициативе и при участии Главного управления высшими техническими учебными заведениями при ВСНХ ССР (Главтуз). № 1-
_tКраткие руководства по специальным отраслям техники
_v[Вып.] № 15
700 1 _aРишарм
_bЭ.
801 0 _aRU
_bNLR
_gpsbo
801 1 _aRU
_bELAR
_2rusmarc
852 _aNLR
_j79/568
942 _cUNSPEC
980 _aNB